000 00273nam a22001337a 4500
008 170306b xxu||||| |||| 00| 0 eng d
020 _a007031473X
041 _aeng
080 _a611
100 _a6
101 _aSHM
245 _aTHE HEART
_cHURST, J.W
942 _2udc
_cBK
999 _c6930
_d6930